Circuit theory : (Record no. 135845)

MARC details
000 -LEADER
fixed length control field 00758nam a22002297a 4500
005 - DATE AND TIME OF LATEST TRANSACTION
control field 20181218115118.0
010 ## - LCCN (DPL NO)
LC control number B-167525
020 ## - INTERNATIONAL STANDARD BOOK NUMBER
Terms of availability 350.00
International Standard Book Number 8120326431
035 ## - SYSTEM CONTROL NUMBER
System control number B-167525, B-167526
037 ## - SOURCE OF ACQUISITION
Source of stock number/acquisition Cen Lib/Ret
082 ## - DEWEY DECIMAL CLASSIFICATION NUMBER
Classification number 621.3192
Item number KUR
100 ## - MAIN ENTRY--PERSONAL NAME
Personal name Kuriakose, C. P
245 ## - TITLE STATEMENT
Title Circuit theory :
Statement of responsibility, etc by C. P Kuriakose
Remainder of title continuous and discrete-time systems, elements of network synthesis /
260 ## - PUBLICATION, DISTRIBUTION, ETC. (IMPRINT)
Place of publication, distribution, etc New Delhi
Name of publisher, distributor, etc Prentice Hall of India
Date of publication, distribution, etc 2005
270 ## - ADDRESS
City New Delhi
Address M-97, Connaught Circus
Postal code 110001
300 ## - PHYSICAL DESCRIPTION
Extent xviii,507p. :
Dimensions 23cm(pbk)
Other physical details ill.
500 ## - GENERAL NOTE
General note Includes index
650 ## - SUBJECT ADDED ENTRY--TOPICAL TERM
Topical term or geographic name as entry element Electric circuit analysis.
650 ## - SUBJECT ADDED ENTRY--TOPICAL TERM
Topical term or geographic name as entry element Electric network analysis.
942 ## - ADDED ENTRY ELEMENTS (KOHA)
Source of classification or shelving scheme Dewey Decimal Classification
Item type English Books
Classification part 621.3192
Call number suffix KUR
Holdings
Withdrawn status Lost status Not for loan Home library Current library Date acquired Source of acquisition Cost, normal purchase price Full call number Barcode Copy number Cost, replacement price Koha item type Collection code
      Central Library Central Library 08/10/2015 Cen Lib/Ret 350.00 621.3192 KUR B-167525 1 350.00 English Books  
      Patel Nagar Patel Nagar 05/07/2018 BPPD/Pub 350.00 621.3192 KUR B-167526   350.00 English Books Non-fiction

© Delhi Public Library
Hit Counter
free hit counter